The Amazing World of Gumball Characters #2 - Statistics

General Stats
  • This quiz has been taken 96 times
    95 since last reset
  • The average score is 8 of 12
Answer Stats
Hint Answer % Correct
Not-So-Funny Banana Banana Joe
87%
Alan's Girlfriend Carmen
87%
Darwin's Girlfriend Carrie
87%
Sleek White Robot Bobert
82%
Richard's Mom Granny JoJo
78%
Red Blob Who Is Constantly Lying Clayton
67%
Richard's Dad Frankie
67%
Richard's Stepdad Grandpa Louie
66%
Blue Egg-Like Character With An Accent Billy Parham
54%
Gumball and Darwin Idolize Him Gaylord Robinson
48%
Ancient School Hamster Chris Morris
40%
Knockoff Gumball Chi Chi
37%
No matching quizzes found
Score Distribution
Percent of People with Each Score
Percentile by Number Answered
Your Score History
You have not taken this quiz since the last reset